Quo Vadis?

محفوظ في:
التفاصيل البيبلوغرافية
المؤلف الرئيسي: Sienkiewicz, Henryk
التنسيق: كتاب
اللغة:Undetermined
منشور في: London Everyman's Library 1970
الموضوعات:
الوسوم: إضافة وسم
لا توجد وسوم, كن أول من يضع وسما على هذه التسجيلة!
Thư viện lưu trữ: Trung tâm Học liệu Trường Đại học Cần Thơ
LEADER 00487nam a2200193Ia 4500
001 CTU_83914
008 210402s9999 xx 000 0 und d
082 |a 891.85 
082 |b S572 
100 |a Sienkiewicz, Henryk 
245 0 |a Quo Vadis? 
245 0 |c Henryk Sienkiewicz 
260 |a London 
260 |b Everyman's Library 
260 |c 1970 
650 |a Literature 
650 |z Poland 
904 |i Nguyên, Qhieu 
980 |a Trung tâm Học liệu Trường Đại học Cần Thơ